00715 2200241 4500001002100000005001700021008004100038035002400079040001200103082001000115090001700125100002700142245012200169250001100291260002600302300002400328650002700352650002500379700002000404700002200424850001200446990001500458YOGYA-0209000003220220090227024648.0 ind  0010-020900000032202 aYOPDYOG a540.7 a540.7bAch I aACHMAD, Sjamsul Arifin aIlmu kimiabpengetahuan berlandaskan percobaancdisusun oleh, Sjamsul Arifin Achmad, Achmad Tochidi, Soekiman Effendi aCet. 2 aBandungbAngkasac19. a94 hlmbilusc21 cm aIlmu kimia - Pelajaran xPelajaran ilmu kimia aTochidi, Achmad aEffendi, Soekiman aYOPDYOG aP000005836